000 00326nam a2200121Ia 4500
008 191201s2010 xx 000 0 und d
100 _aNSE INDIA
245 0 _aHand book for NSDL Business Partners Systems: Procedures and Practices
260 _aN. Delhi
_bNSE (NCFM)
_c2010
300 _a52
650 _aNCFM
942 _2ddc
_cBK
999 _c6658
_d6658